000 00695nam a2200253Ia 4500
003 OSt
005 20221005051828.0
006 a|||||r|||| 00| 0
007 ta
008 221004b |||||||| |||| 00| 0 eng d
024 _a27503
037 _cTextual
040 _aCRL
_cCRL
_beng
041 _2eng
_aeng
082 _aB287, M6
100 _aBakeman Roger
245 0 _aObserving interaction
_b An introduction to sequential analysis
260 _aLondon
_bCambridge University
_c1986
300 _a221p
_ccm.
650 _aMATHEMATICS
700 _a Gottman John
_9596419
942 _hB287, M6
_cTEXL
_2cc
999 _c959418
_d959418